000 00762nam a22001817a 4500
999 _c6148
_d6148
003 GBCCL
005 20241126110557.0
008 180501b ||||| |||| 00| 0 eng d
040 _cgbc
082 _a261.58
_bMCN
100 _aMcNeill, John T.
_911056
245 _aBooks of faith and power /
_cJohn T. McNeill
260 _aNew York:
_bHarper & Brothers,
_c1947
300 _a183 p.;
_c20 cm.
505 _aOn Christian liberty / Martin Luther -- Institutes of the Christian religion / John Calvin -- The laws of ecclesiastical polity / Richard Hooker -- The pilgrim's progress / John Bunyan -- A serious call to a devout and holy life / William Law -- Journal / John Wesley
650 _aChristian literature
_xHistory and criticism
_92904
942 _2ddc
_cBK
_01